Mass communication in Canada / (Record no. 1121)

000 -LEADER
fixed length control field 00880nam a2200277 a 4500
003 - CONTROL NUMBER IDENTIFIER
control field UkOxU
005 - DATE AND TIME OF LATEST TRANSACTION
control field 20210624064535.0
008 - FIXED-LENGTH DATA ELEMENTS--GENERAL INFORMATION
fixed length control field 040129s2004 onc 000 0 eng d
020 ## - INTERNATIONAL STANDARD BOOK NUMBER
International Standard Book Number 0195418042
040 ## - CATALOGING SOURCE
Transcribing agency ALUPE UNIVERSITY
050 ## - LIBRARY OF CONGRESS CALL NUMBER
Classification number P92
Item number .C3L67 2003
100 1# - MAIN ENTRY--PERSONAL NAME
Personal name Lorimer, Rowland,
Dates associated with a name 1944-
245 10 - TITLE STATEMENT
Title Mass communication in Canada /
Statement of responsibility, etc. Rowland Lorimer and Mike Gasher.
250 ## - EDITION STATEMENT
Edition statement 5th ed.
260 ## - PUBLICATION, DISTRIBUTION, ETC.
Place of publication, distribution, etc. Don Mills, Ontario ;
-- Oxford :
Name of publisher, distributor, etc. Oxford University Press,
Date of publication, distribution, etc. 2004.
300 ## - PHYSICAL DESCRIPTION
Extent x, 333 p. :
Other physical details ill. ;
Dimensions 26 cm.
504 ## - BIBLIOGRAPHY, ETC. NOTE
Bibliography, etc. note Includes bibliographical references and index.
650 #0 - SUBJECT ADDED ENTRY--TOPICAL TERM
Topical term or geographic name entry element Mass media
Geographic subdivision Canada.
650 #0 - SUBJECT ADDED ENTRY--TOPICAL TERM
Topical term or geographic name entry element Communication
Geographic subdivision Canada.
650 #0 - SUBJECT ADDED ENTRY--TOPICAL TERM
Topical term or geographic name entry element Communication and technology
Geographic subdivision Canada.
700 1# - ADDED ENTRY--PERSONAL NAME
Personal name Gasher, Mike,
Dates associated with a name 1954-
942 ## - ADDED ENTRY ELEMENTS (KOHA)
Source of classification or shelving scheme
Koha item type Book
Suppress in OPAC JE
Holdings
Withdrawn status Lost status Source of classification or shelving scheme Damaged status Not for loan Permanent Location Current Location Shelving location Date acquired Total Checkouts Full call number Barcode Date last seen Date last checked out Price effective from Koha item type Public note
          AU LIBRARY AU LIBRARY Open Shelf 24.06.2021 1 P92 .C3L67 2003 28000398 03.11.2023 23.10.2023 24.06.2021 Book JE

Powered by Koha